Normal view
MARC view
- Prácticas de la enseñanza
Entry Materia
001 - NÚMERO DE CONTROL DEL REGISTRO
- campo de control: 8684
003 - IDENTIFICADOR DE NUMERO DE CONTROL
- campo de control: MX-MxUPN
005 - FECHA Y HORA DE LA ÚLTIMA TRANSACCIÓN
- campo de control: 20241011175140.0
008 - DATOS DE LONGITUD FIJA
- campo de control de longitud fija: 241011dn fnnnnbabd b ana |d
035 ## - NÚMERO DE CONTROL DEL SISTEMA
- Número de control del sistema: UPN10000008690
040 ## - FUENTE DE LA CATALOGACIÓN
- Centro catalogador de origen: MX-MxUPN
- Lengua de catalogación: spa
150 ## - ENCABEZAMIENTO - TEMÁTICO
- Término de materia o nombre geográfico como elemento inicial: Prácticas de la enseñanza
- Subdivisión geográfica: América Latina
670 ## - FUENTE EN LA QUE SE LOCALIZARON DATOS
- Cita de la fuente: Autoridades BGTQ, 11 octubre 2024 :
- Información localizada: (Prácticas de la enseñanza -- América Latina)
902 ## - CATALOGADOR
- Catalogador: MCM/290108
- Catalogador: VíctorGodínez/111024
